000 00912nam a2200265 i 4500
001 103291
003 ES-MaACL
005 20250624062922.0
007 t|
008 060215s1967 sp a |||| | spa d
080 _a232.92(0:7)
080 _a73.046.3
080 _a232.921(0:82)
245 0 0 _aTallas y poemas del Niño-Dios /
_c[textos, Federico Muelas... et al.].
260 _a[Madrid] :
_bPublicaciones Españolas,
_c[1967]
300 _a[18] p. :
_bil. ;
_c28 cm.
490 1 _aCuadernos de arte. Colección ordinaria ;
_v242
500 _aMonografía editada como obsequio de Navidad en diciembre de 1967.
650 1 4 _aNiño Jesús-
_xIconografía.
_9173720
650 4 _aNavidad-
_vPoesías.
_915505
700 1 _aMuelas, Federico,
_d1909-1974
_984034
830 1 _aCuadernos de arte. Colección ordinaria
_v242
_9180064
852 _aES-MaACL
_j2202-F-9
999 _c103291
_d103291